<The> State of the Cybernation Cultural, Political and Economic Implications of the Internet
Saved in:
| Main Author: | |
|---|---|
| Format: | Book |
| Language: | English |
| Published: |
London
Kogan Page
1996
|
| Edition: | 1. ed. |
| Subjects: | |
| Tags: |
No Tags, Be the first to tag this record!
|
MARC
| LEADER | 00000nam a2200000 4500 | ||
|---|---|---|---|
| 001 | c019437 | ||
| 005 | 20221205125642.7 | ||
| 020 | |a 0-7494-2054-5 | ||
| 041 | 0 | |a eng | |
| 044 | |a GB | ||
| 245 | 1 | 0 | |a <The> State of the Cybernation |b Cultural, Political and Economic Implications of the Internet |c Neil Barrett |
| 250 | |a 1. ed. | ||
| 264 | 1 | |a London |b Kogan Page |c 1996 | |
| 300 | |a 258 s. | ||
| 610 | 2 | 0 | |a siete počítačové |
| 610 | 2 | 0 | |a komunikácia |
| 610 | 2 | 0 | |a kybernetizácia |
| 610 | 2 | 0 | |a prenos dát diaľkový |
| 610 | 2 | 0 | |a internet |
| 610 | 2 | 0 | |a systémy automatické |
| 610 | 2 | 0 | |a systémy databázové distribuované |
| 610 | 2 | 0 | |a systémy dialógové |
| 610 | 2 | 0 | |a systémy informačné |
| 610 | 2 | 0 | |a systémy počítačové distribuované |
| 610 | 2 | 0 | |a realita virtuálna |
| 100 | 1 | |a Barrett, Neil | |